|
|
|
|
| LEADER |
01263nam a2200301 a 4500 |
| 001 |
14743869 |
| 008 |
090616s2007 nyua b 001 0 eng d |
| 010 |
|
|
|a 2007923503
|
| 020 |
|
|
|a 9780387322896 (pbk. : alk. paper)
|
| 020 |
|
|
|a 0387322892 (pbk. : alk. paper)
|
| 040 |
|
|
|a DLC
|c DLC
|d DLC
|
| 082 |
|
|
|2 22
|a 686.2/2544536
|
| 999 |
|
|
|c 1894
|d 1894
|
| 999 |
|
|
|c 1894
|
| 100 |
1 |
|
|a Gratzer, George A.
|9 1063
|
| 245 |
1 |
0 |
|a More math into LaTeX /
|c George Grätzer ; foreword by Rainer Schöpf.
|
| 250 |
|
|
|a 4th ed.
|
| 260 |
|
|
|a New York :
|b Springer,
|c c2007.
|
| 300 |
|
|
|a xix, 619 p. :
|b ill. ;
|c 24 cm.
|
| 500 |
|
|
|a Rev. ed. of: Math into LaTeX. 2000.
|
| 504 |
|
|
|a Includes bibliographical references (p. [557]-560) and index.
|
| 541 |
1 |
|
|e 00018596
|
| 650 |
|
0 |
|a Mathematics printing
|x Computer programs.
|9 1064
|
| 650 |
|
0 |
|a Computerized typesetting.
|9 1065
|
| 852 |
4 |
|
|a Ayesha Abed Library
|j General Shelf.
|
| 942 |
|
|
|2 ddc
|c BK
|
| 952 |
|
|
|0 0
|1 0
|2 ddc
|4 0
|6 686_225445360000000_GRA
|7 0
|9 14447
|a BRACUL
|b BRACUL
|c GEN
|d 2011-02-26
|l 0
|o 686.22544536 GRA
|p 3010018596
|r 2011-02-26
|t 1
|w 2011-02-26
|y BK
|
| 952 |
|
|
|0 0
|1 0
|2 ddc
|4 0
|6 686_225445360000000_GRA
|7 0
|9 14448
|a BRACUL
|b BRACUL
|c GEN
|d 2011-02-26
|l 1
|m 2
|o 686.22544536 GRA
|p 3010018597
|r 2023-08-27
|s 2023-08-07
|t 2
|w 2011-02-26
|y BK
|